[Event "Montcalm op"]
[Site "Quebec CAN"]
[Date "2002.03.03"]
[Round "4"]
[White "Sauve, Richard"]
[Black "Fortier, Marc-Andre"]
[Result "0-1"]
[WhiteElo "1864"]
[BlackElo "2187"]
[PlyCount "42"]
[EventDate "2002.03.01"]
[EventType "swiss"]
[EventRounds "5"]
[EventCountry "CAN"]

1. d4 Nf6 2. c4 g6 3. Nc3 Bg7 4. e4 d6 5. f4 O-O 6. Be2 c5 7. d5 e6 8. Nf3 exd5
9. cxd5 Nfd7 10. O-O Na6 11. Be3 Re8 12. Qd2 Rb8 13. e5 dxe5 14. fxe5 Nxe5 15.
Nxe5 Bxe5 16. Bxa6 bxa6 17. Bxc5 Qc7 18. Bd4 Rxb2 19. Bxe5 Qb6+ 20. Qd4 Rxe5
21. Rfd1 Re1+ 0-1

[Event "Montcalm op"]
[Site "Quebec CAN"]
[Date "2002.03.03"]
[Round "5"]
[White "Bourassa, Andre"]
[Black "Servant, Michel"]
[Result "1-0"]
[WhiteElo "1632"]
[BlackElo "1645"]
[PlyCount "99"]
[EventDate "2002.03.01"]
[EventType "swiss"]
[EventRounds "5"]
[EventCountry "CAN"]

1. d4 Nf6 2. c4 g6 3. Nc3 Bg7 4. e4 d6 5. f3 O-O 6. Be3 Nc6 7. Qd2 e5 8. d5 Ne7
9. Bd3 Nd7 10. Bh6 Nc5 11. Bc2 a5 12. Na4 b6 13. Bxg7 Kxg7 14. Nxc5 bxc5 15.
Ne2 f5 16. Nc3 Bd7 17. O-O f4 18. a4 g5 19. g4 Rf6 20. Na2 Rh6 21. Nc1 c6 22.
Nd3 Ng8 23. Rad1 cxd5 24. exd5 Rb8 25. Rde1 Nf6 26. Qc3 Qc7 27. Nxe5 dxe5 28.
Rxe5 Kf7 29. Rxg5 Re8 30. Re1 Rxe1+ 31. Qxe1 Qd6 32. Bf5 Bxf5 33. Rxf5 Qb6 34.
Qe5 Qd8 35. g5 Rg6 36. Kf2 Qb6 37. d6 Qd8 38. Rxf4 Kg7 39. gxf6+ Rxf6 40. Qxf6+
Qxf6 41. Rxf6 Kxf6 42. Ke3 Ke6 43. Ke4 Kxd6 44. Kf5 h6 45. Kf6 h5 46. h4 Kd7
47. Kf7 Kd6 48. f4 Kd7 49. f5 Kd6 50. Kg6 1-0

[Event "Montcalm op"]
[Site "Quebec CAN"]
[Date "2002.03.03"]
[Round "5"]
[White "Fortier, Marc-Andre"]
[Black "Beaudoin, Stephane"]
[Result "1-0"]
[WhiteElo "2187"]
[BlackElo "2074"]
[PlyCount "47"]
[EventDate "2002.03.01"]
[EventType "swiss"]
[EventRounds "5"]
[EventCountry "CAN"]

1. e4 g6 2. d4 Bg7 3. Nc3 d6 4. f4 c6 5. Nf3 Qb6 6. Bc4 e6 7. Bb3 Ne7 8. Be3 d5
9. e5 O-O 10. Qd2 Qc7 11. Ne2 b6 12. g4 c5 13. c3 Nd7 14. h4 f6 15. h5 fxe5 16.
dxe5 Bb7 17. hxg6 Nxg6 18. O-O-O Rae8 19. Rxh7 d4 20. Ng5 c4 21. Nxd4 Ndxe5 22.
Bc2 Nxf4 23. Bxf4 Nd3+ 24. Bxd3 1-0

[Event "Montcalm op"]
[Site "Quebec CAN"]
[Date "2002.03.03"]
[Round "5"]
[White "Gaspariants, Garry"]
[Black "Marquis, Paul"]
[Result "1-0"]
[WhiteElo "2281"]
[BlackElo "1864"]
[PlyCount "71"]
[EventDate "2002.03.01"]
[EventType "swiss"]
[EventRounds "5"]
[EventCountry "CAN"]

1. d4 g6 2. e4 Bg7 3. Nf3 d6 4. Nc3 Bg4 5. Be3 Bxf3 6. Qxf3 Nc6 7. Bb5 e6 8. d5
a6 9. Ba4 b5 10. dxe6 fxe6 11. Bb3 Qd7 12. Qh3 Nd8 13. Bg5 c5 14. Bxd8 c4 15.
Bg5 cxb3 16. axb3 Ne7 17. O-O O-O 18. Rad1 Nc6 19. Nd5 Rae8 20. c3 Ne5 21. Ne3
b4 22. c4 Nf7 23. Bf4 Qc6 24. f3 Qb6 25. Rd3 Be5 26. g3 Bxf4 27. gxf4 Nd8 28.
Qg3 Nb7 29. Rfd1 Rd8 30. f5 exf5 31. exf5 Rxf5 32. Kh1 Re5 33. Nd5 Qc5 34. Nf6+
Kf7 35. Ne4 Qc7 36. Nxd6+ 1-0

[Event "Montcalm op"]
[Site "Quebec CAN"]
[Date "2002.03.03"]
[Round "5"]
[White "Girard, Robin"]
[Black "Gaspariants, Vladimir"]
[Result "1/2-1/2"]
[WhiteElo "2202"]
[BlackElo "2311"]
[PlyCount "54"]
[EventDate "2002.03.01"]
[EventType "swiss"]
[EventRounds "5"]
[EventCountry "CAN"]

1. e4 d6 2. d4 Nf6 3. Nc3 g6 4. g3 Bg7 5. Bg2 O-O 6. Nge2 Nbd7 7. O-O c6 8. h3
e5 9. a4 Qc7 10. Re1 Re8 11. b3 exd4 12. Nxd4 a6 13. Bg5 Qa5 14. Qd2 h6 15. Bf4
Ne5 16. Kh2 Kh7 17. Rad1 Qc7 18. Be3 c5 19. Nde2 Bf8 20. Nf4 Be6 21. Nfd5 Bxd5
22. Nxd5 Nxd5 23. Qxd5 Rad8 24. f4 Nc6 25. Bf2 Nb4 26. Qc4 Nc6 27. Qd5 Nb4
1/2-1/2

[Event "Montcalm op"]
[Site "Quebec CAN"]
[Date "2002.03.03"]
[Round "5"]
[White "Navarro, Philippe"]
[Black "Goulet, Jean-Claude"]
[Result "1-0"]
[WhiteElo "1405"]
[BlackElo "1204"]
[PlyCount "31"]
[EventDate "2002.03.01"]
[EventType "swiss"]
[EventRounds "5"]
[EventCountry "CAN"]

1. e4 c5 2. d4 cxd4 3. c3 d6 4. cxd4 e6 5. Nf3 Nf6 6. Nc3 Be7 7. Bd3 O-O 8. Ng5
Nc6 9. Be3 Nd7 10. h4 Bf6 11. e5 Bxg5 12. Bxh7+ Kh8 13. hxg5 g6 14. Bxg6+ Kg7
15. Rh7+ Kg8 16. Qh5 1-0

[Event "Montcalm op"]
[Site "Quebec CAN"]
[Date "2002.03.03"]
[Round "5"]
[White "Poinlane, Philippe"]
[Black "Auger, Bertrand"]
[Result "1/2-1/2"]
[WhiteElo "1785"]
[BlackElo "2035"]
[PlyCount "111"]
[EventDate "2002.03.01"]
[EventType "swiss"]
[EventRounds "5"]
[EventCountry "CAN"]

1. e4 e6 2. d3 d5 3. Nd2 c5 4. Ngf3 Nf6 5. g3 Be7 6. Bg2 Nc6 7. c3 Qc7 8. Qe2
b6 9. O-O Bb7 10. e5 Nd7 11. d4 cxd4 12. cxd4 Nb4 13. Nb3 Ba6 14. Qd1 Bxf1 15.
Bxf1 Qc2 16. Qxc2 Nxc2 17. Rb1 a5 18. Bf4 O-O 19. a3 Rfc8 20. Rc1 a4 21. Nbd2
g5 22. Bb5 Nf8 23. Nxg5 Bxg5 24. Bxg5 Nxd4 25. Rxc8 Rxc8 26. Bxa4 b5 27. Be3
bxa4 28. Bxd4 Rc2 29. Nf3 Rc1+ 30. Kg2 Nd7 31. h4 Nc5 32. Bc3 Nd3 33. Nd4 Rb1
34. f4 Nxb2 35. f5 exf5 36. Nxf5 Nd1 37. Bb4 Rxb4 38. axb4 a3 39. Nd4 a2 40.
Nb3 Nc3 41. Kf2 d4 42. Ke1 Kf8 43. Kd2 h5 44. Kc2 Ke7 45. Kb2 Ne2 46. b5 Kd8
47. Kxa2 d3 48. Nd2 Nxg3 49. Kb3 Ne2 50. Kc4 Nf4 51. Kd4 Ng6 52. Kxd3 Nxh4 53.
Ke4 Kc7 54. Nc4 Ng6 55. Kf5 h4 56. Kg4 1/2-1/2

[Event "Montreal int"]
[Site "Montreal CAN"]
[Date "2002.07.25"]
[Round "1"]
[White "Nogueiras, Jesus"]
[Black "Degraeve, Jean Marc"]
[Result "1/2-1/2"]
[WhiteElo "2546"]
[BlackElo "2586"]
[PlyCount "25"]
[EventDate "2002.07.25"]
[EventType "tourn"]
[EventRounds "11"]
[EventCountry "CAN"]
[EventCategory "11"]
[Source "Mark Crowther"]
[SourceDate "2002.07.29"]

1. Nf3 c5 2. c4 Nc6 3. d4 cxd4 4. Nxd4 g6 5. Nc3 Bg7 6. e3 Nf6 7. Be2 O-O 8.
O-O d5 9. cxd5 Nxd5 10. Nxd5 Qxd5 11. Bf3 Qc5 12. Nxc6 bxc6 13. Qa4 1/2-1/2

[Event "Montreal int"]
[Site "Montreal CAN"]
[Date "2002.07.25"]
[Round "1"]
[White "Zugic, Igor"]
[Black "Bluvshtein, Mark"]
[Result "1/2-1/2"]
[WhiteElo "2450"]
[BlackElo "2367"]
[PlyCount "40"]
[EventDate "2002.07.25"]
[EventType "tourn"]
[EventRounds "11"]
[EventCountry "CAN"]
[EventCategory "11"]
[Source "Mark Crowther"]
[SourceDate "2002.07.29"]

1. d4 Nf6 2. c4 g6 3. Nc3 Bg7 4. e4 d6 5. Be2 O-O 6. Nf3 e5 7. O-O exd4 8. Nxd4
c6 9. Re1 Re8 10. Bf1 Nbd7 11. Bf4 Ne5 12. h3 Be6 13. b3 Nh5 14. Be3 Qh4 15.
Qd2 Bxh3 16. Bg5 Qg4 17. f3 Nxc4 18. bxc4 Bxd4+ 19. Be3 Bxc3 20. Qxc3 Qg3
1/2-1/2

[Event "Montreal int"]
[Site "Montreal CAN"]
[Date "2002.07.26"]
[Round "2"]
[White "Degraeve, Jean Marc"]
[Black "Rozentalis, Eduardas"]
[Result "1-0"]
[WhiteElo "2586"]
[BlackElo "2564"]
[PlyCount "103"]
[EventDate "2002.07.25"]
[EventType "tourn"]
[EventRounds "11"]
[EventCountry "CAN"]
[EventCategory "11"]
[Source "Mark Crowther"]
[SourceDate "2002.07.29"]

1. e4 e5 2. Nf3 Nf6 3. Nxe5 d6 4. Nf3 Nxe4 5. d4 d5 6. Bd3 Bd6 7. O-O O-O 8. c4
c6 9. Re1 Re8 10. Nc3 Nxc3 11. bxc3 Bg4 12. Bg5 Rxe1+ 13. Qxe1 Qc8 14. c5 Bf8
15. Qb1 h6 16. Ne5 Be6 17. Bf4 Nd7 18. a4 Be7 19. a5 Bd8 20. Qb4 b5 21. axb6
axb6 22. Rxa8 Qxa8 23. cxb6 Nxb6 24. Qd6 Na4 25. Nxc6 Bf6 26. Bd2 Nb2 27. Ba6
Nc4 28. Bxc4 dxc4 29. h3 Qa1+ 30. Kh2 Qd1 31. Bf4 Qd3 32. Be5 Bh4 33. Bg3 Bf6
34. Be5 Bh4 35. Qb8+ Kh7 36. Qf8 f6 37. Bg3 Bxg3+ 38. fxg3 Qxc3 39. Qd6 Qe3 40.
d5 Bf7 41. Qd7 Be8 42. Qd8 f5 43. Qc7 c3 44. Nd8 Qg5 45. Ne6 Qf6 46. Qc8 c2 47.
Qxe8 c1=Q 48. Nf8+ Qxf8 49. Qxf8 Qc2 50. d6 Qc5 51. Qe7 Qa3 52. Qe6 1-0

[Event "Montreal int"]
[Site "Montreal CAN"]
[Date "2002.07.26"]
[Round "2"]
[White "Zugic, Igor"]
[Black "Kotronias, Vasilios"]
[Result "0-1"]
[WhiteElo "2450"]
[BlackElo "2578"]
[PlyCount "78"]
[EventDate "2002.07.25"]
[EventType "tourn"]
[EventRounds "11"]
[EventCountry "CAN"]
[EventCategory "11"]
[Source "Mark Crowther"]
[SourceDate "2002.07.29"]

1. d4 Nf6 2. c4 g6 3. Nf3 Bg7 4. g3 O-O 5. Bg2 d6 6. O-O Nbd7 7. Nc3 e5 8. e4
c6 9. h3 Qb6 10. Re1 exd4 11. Nxd4 Re8 12. Re2 Qb4 13. Rc2 Nc5 14. Bd2 Qb6 15.
Be3 a5 16. f3 a4 17. Bf2 Nfd7 18. Rb1 Qd8 19. b4 axb3 20. axb3 Na6 21. b4 Ne5
22. b5 Nc5 23. Bf1 Ne6 24. Nxe6 Bxe6 25. f4 Nxc4 26. f5 Na3 27. fxe6 Rxe6 28.
Bd3 cxb5 29. Kg2 Nxc2 30. Qxc2 Rc8 31. Be1 d5 32. Qb3 dxe4 33. Nxe4 Qe7 34. Bb4
Qd7 35. Ba5 b4 36. Nf2 Rc3 37. Qxb4 Rxd3 38. Qxb7 Qxb7+ 39. Rxb7 Rde3 0-1

[Event "Montreal int"]
[Site "Montreal CAN"]
[Date "2002.07.27"]
[Round "3"]
[White "Barbeau, Sylvain"]
[Black "Degraeve, Jean Marc"]
[Result "0-1"]
[WhiteElo "2397"]
[BlackElo "2586"]
[PlyCount "48"]
[EventDate "2002.07.25"]
[EventType "tourn"]
[EventRounds "11"]
[EventCountry "CAN"]
[EventCategory "11"]
[Source "Mark Crowther"]
[SourceDate "2002.07.29"]

1. e4 c5 2. Nf3 g6 3. d4 Bg7 4. dxc5 Qa5+ 5. Nc3 Nf6 6. Nd2 Qxc5 7. Nb3 Qc7 8.
Be2 O-O 9. O-O d6 10. Be3 Nbd7 11. f4 a6 12. Qe1 b5 13. Bf3 Bb7 14. a3 Rac8 15.
Qf2 e5 16. Rad1 exf4 17. Bxf4 Ne5 18. Bxe5 dxe5 19. Rd3 Rfd8 20. Rfd1 Rxd3 21.
Rxd3 Bf8 22. Kf1 b4 23. axb4 Bxb4 24. Na2 a5 0-1

[Event "Montreal int"]
[Site "Montreal CAN"]
[Date "2002.07.27"]
[Round "3"]
[White "Kotronias, Vasilios"]
[Black "Bluvshtein, Mark"]
[Result "1-0"]
[WhiteElo "2578"]
[BlackElo "2367"]
[PlyCount "63"]
[EventDate "2002.07.25"]
[EventType "tourn"]
[EventRounds "11"]
[EventCountry "CAN"]
[EventCategory "11"]
[Source "Mark Crowther"]
[SourceDate "2002.07.29"]

1. e4 e6 2. d4 d5 3. Nd2 c5 4. Ngf3 cxd4 5. exd5 Qxd5 6. Bc4 Qd6 7. O-O Nf6 8.
Nb3 Nc6 9. Nbxd4 Nxd4 10. Nxd4 a6 11. Re1 Bd7 12. c3 Qc7 13. Qe2 Bd6 14. Bg5
O-O-O 15. h3 h6 16. Be3 Ne4 17. a4 e5 18. Nb5 axb5 19. axb5 Bf5 20. Ra8+ Kd7
21. b6 Qc6 22. Bb5 Rxa8 23. Bxc6+ bxc6 24. Qc4 Bg6 25. Rd1 Rhd8 26. b7 Rab8 27.
Qa6 Ke7 28. Qxc6 Rd7 29. Rxd6 Nxd6 30. Bc5 Ke6 31. Bxd6 Be4 32. Qc5 1-0

[Event "Montreal int"]
[Site "Montreal CAN"]
[Date "2002.07.27"]
[Round "3"]
[White "Nogueiras, Jesus"]
[Black "Zugic, Igor"]
[Result "1-0"]
[WhiteElo "2546"]
[BlackElo "2450"]
[PlyCount "79"]
[EventDate "2002.07.25"]
[EventType "tourn"]
[EventRounds "11"]
[EventCountry "CAN"]
[EventCategory "11"]
[Source "Mark Crowther"]
[SourceDate "2002.07.29"]

1. Nf3 Nf6 2. c4 g6 3. g3 Bg7 4. Bg2 O-O 5. d4 d5 6. O-O dxc4 7. Na3 c3 8. bxc3
c5 9. e3 Nc6 10. Qe2 Qa5 11. Bb2 Bf5 12. Nd2 cxd4 13. cxd4 Rac8 14. Nb3 Qb6 15.
Rfc1 Na5 16. Qb5 Qxb5 17. Nxb5 Nc4 18. Nxa7 Nxb2 19. Nxc8 Bxc8 20. Rc7 b6 21.
Rxe7 Be6 22. Rb7 Na4 23. Bc6 Bd5 24. Rc1 Bxc6 25. Rxc6 Nd5 26. Nd2 Ra8 27. Ne4
f5 28. Ng5 Nac3 29. Ne6 Bf8 30. Ng5 Bg7 31. Rd6 Bf6 32. Ne6 Be7 33. Rdd7 Rxa2
34. Rxe7 Nxe7 35. Rxe7 Ne4 36. d5 Rd2 37. f3 Nc3 38. Rg7+ Kh8 39. Rc7 Rd1+ 40.
Kg2 1-0

[Event "Montreal int"]
[Site "Montreal CAN"]
[Date "2002.07.28"]
[Round "4"]
[White "Barsov, Alexei"]
[Black "Barbeau, Sylvain"]
[Result "1-0"]
[WhiteElo "2550"]
[BlackElo "2397"]
[PlyCount "109"]
[EventDate "2002.07.25"]
[EventType "tourn"]
[EventRounds "11"]
[EventCountry "CAN"]
[EventCategory "11"]
[Source "Mark Crowther"]
[SourceDate "2002.07.29"]

1. d4 Nf6 2. c4 g6 3. f3 d5 4. cxd5 Nxd5 5. e4 Nb6 6. Nc3 Bg7 7. Be3 O-O 8. Qd2
Nc6 9. O-O-O f5 10. h4 fxe4 11. h5 e5 12. d5 Nd4 13. hxg6 hxg6 14. fxe4 Bg4 15.
Re1 Qe7 16. Bd3 c6 17. Kb1 Rac8 18. Nh3 Qb4 19. Nf2 Bd7 20. Bh6 Qe7 21. Nfd1
cxd5 22. Nxd5 Nxd5 23. exd5 Bf5 24. Nc3 Bxh6 25. Rxh6 Kg7 26. Bxf5 Nxf5 27. Rh3
Rh8 28. Rd3 Nd6 29. Qe3 Nc4 30. d6 Qh4 31. Qe4 Qxe4 32. Nxe4 Rhd8 33. Rc1 Rc6
34. a4 Nb6 35. Rxc6 bxc6 36. a5 Nd7 37. Rb3 Rb8 38. Rxb8 Nxb8 39. Nc5 Kf7 40.
Kc2 Ke8 41. Kd3 Nd7 42. b4 Nf6 43. Ne4 Nd7 44. Kc4 Nb8 45. Nc5 Nd7 46. g4 Kd8
47. g5 Kc8 48. Kd3 Nf8 49. Ke4 Nh7 50. Kxe5 Nxg5 51. Kf6 Nf3 52. Ke7 Ne5 53.
Ke6 Nf3 54. d7+ Kc7 55. Ke7 1-0

[Event "Montreal int"]
[Site "Montreal CAN"]
[Date "2002.07.28"]
[Round "4"]
[White "Degraeve, Jean Marc"]
[Black "Ftacnik, Lubomir"]
[Result "1/2-1/2"]
[WhiteElo "2586"]
[BlackElo "2602"]
[PlyCount "37"]
[EventDate "2002.07.25"]
[EventType "tourn"]
[EventRounds "11"]
[EventCountry "CAN"]
[EventCategory "11"]
[Source "Mark Crowther"]
[SourceDate "2002.07.29"]

1. e4 c5 2. Nf3 d6 3. d4 cxd4 4. Nxd4 Nf6 5. Nc3 a6 6. Bg5 e6 7. f4 Qb6 8. Qd2
Qxb2 9. Rb1 Qa3 10. f5 Nc6 11. fxe6 fxe6 12. Nxc6 bxc6 13. Be2 Be7 14. O-O O-O
15. Rb3 Qc5+ 16. Be3 Qe5 17. Bd4 Qa5 18. Bb6 Qe5 19. Bd4 1/2-1/2

[Event "Montreal int"]
[Site "Montreal CAN"]
[Date "2002.07.28"]
[Round "4"]
[White "Kotronias, Vasilios"]
[Black "Nogueiras, Jesus"]
[Result "1/2-1/2"]
[WhiteElo "2578"]
[BlackElo "2546"]
[PlyCount "53"]
[EventDate "2002.07.25"]
[EventType "tourn"]
[EventRounds "11"]
[EventCountry "CAN"]
[EventCategory "11"]
[Source "Mark Crowther"]
[SourceDate "2002.07.29"]

1. e4 e6 2. d4 d5 3. Nd2 c5 4. Ngf3 cxd4 5. exd5 Qxd5 6. Bc4 Qd6 7. O-O Nf6 8.
Nb3 Nc6 9. Nbxd4 Nxd4 10. Nxd4 a6 11. Re1 Bd7 12. c3 Qc7 13. Qe2 Bd6 14. Bg5
O-O 15. Bd3 Nd5 16. Qh5 g6 17. Qh4 Bf4 18. g3 Bxg5 19. Qxg5 Rae8 20. Be4 f6 21.
Qh6 Ne7 22. h4 e5 23. h5 exd4 24. hxg6 Nxg6 25. Bxg6 hxg6 26. Qxg6+ Kh8 27.
Qh6+ 1/2-1/2

[Event "Montreal int"]
[Site "Montreal CAN"]
[Date "2002.07.28"]
[Round "4"]
[White "Zugic, Igor"]
[Black "Rozentalis, Eduardas"]
[Result "1/2-1/2"]
[WhiteElo "2450"]
[BlackElo "2564"]
[PlyCount "82"]
[EventDate "2002.07.25"]
[EventType "tourn"]
[EventRounds "11"]
[EventCountry "CAN"]
[EventCategory "11"]
[Source "Mark Crowther"]
[SourceDate "2002.07.29"]

1. d4 e6 2. c4 Nf6 3. Nf3 Bb4+ 4. Bd2 Qe7 5. g3 Nc6 6. Bg2 Bxd2+ 7. Nbxd2 d6 8.
O-O O-O 9. e4 e5 10. d5 Nb8 11. Ne1 a5 12. Nd3 Na6 13. b3 Bd7 14. a3 b5 15. Qc2
c6 16. cxb5 cxb5 17. b4 Rfc8 18. Qb2 Qd8 19. Rfc1 Qb6 20. Nf1 Rc4 21. Nd2 Rcc8
22. Nf1 g6 23. Rxc8+ Rxc8 24. Rc1 Rc4 25. bxa5 Qxa5 26. Rxc4 bxc4 27. Nb4 Nxb4
28. axb4 Qa4 29. Ne3 Bb5 30. Qc3 Qa2 31. f3 Nd7 32. Bf1 Nb6 33. f4 f6 34. Ng4
Nd7 35. Ne3 Qa7 36. Kf2 Nb6 37. Qc2 Kg7 38. Be2 Ba4 39. Qa2 c3 40. Bd1 Qd7 41.
Bxa4 Nxa4 1/2-1/2

[Event "Montreal int"]
[Site "Montreal CAN"]
[Date "2002.07.29"]
[Round "5"]
[White "Barbeau, Sylvain"]
[Black "Zugic, Igor"]
[Result "1-0"]
[WhiteElo "2397"]
[BlackElo "2450"]
[PlyCount "121"]
[EventDate "2002.07.25"]
[EventType "tourn"]
[EventRounds "11"]
[EventCountry "CAN"]
[EventCategory "11"]
[Source "Mark Crowther"]
[SourceDate "2002.08.05"]

1. e4 c5 2. Nf3 d6 3. d4 cxd4 4. Nxd4 Nf6 5. Nc3 Bd7 6. Bg5 e6 7. Qd2 a6 8.
O-O-O h6 9. Bxf6 Qxf6 10. f4 Nc6 11. Nf3 O-O-O 12. Qe3 Qe7 13. Na4 Be8 14. Nb6+
Kb8 15. Rd3 d5 16. exd5 Nb4 17. Rb3 exd5 18. Qxe7 Bxe7 19. a3 Ka7 20. axb4 Kxb6
21. h4 Bf6 22. Bd3 Ba4 23. Ra3 Bc6 24. Re1 Rhe8 25. Rxe8 Rxe8 26. h5 Be7 27. c3
Bd6 28. f5 d4 29. Nxd4 Bxg2 30. Kc2 Re1 31. Ra5 Rh1 32. Bc4 Be4+ 33. Kb3 f6 34.
Bf7 Rf1 35. Bg6 Be5 36. Kc4 Rf2 37. Kb3 Bxd4 38. cxd4 Rf3+ 39. Kc4 Bd3+ 40. Kd5
Bxf5 41. Bxf5 Rxf5+ 42. Ke6 Rf2 43. d5 Kc7 44. Rc5+ Kd8 45. b5 Re2+ 46. Kd6
Rxb2 47. Rc7 Rxb5 48. Rd7+ Ke8 49. Rxg7 Kf8 50. Rh7 a5 51. Ke6 Kg8 52. Rxh6 a4
53. d6 Rb2 54. d7 Rd2 55. Rxf6 a3 56. Ke7 a2 57. Rf8+ Kg7 58. Ra8 Re2+ 59. Kd6
Rc2 60. d8=Q Rd2+ 61. Kc7 1-0

[Event "Montreal int"]
[Site "Montreal CAN"]
[Date "2002.07.29"]
[Round "5"]
[White "Ftacnik, Lubomir"]
[Black "Barsov, Alexei"]
[Result "1/2-1/2"]
[WhiteElo "2602"]
[BlackElo "2550"]
[PlyCount "85"]
[EventDate "2002.07.25"]
[EventType "tourn"]
[EventRounds "11"]
[EventCountry "CAN"]
[EventCategory "11"]
[Source "Mark Crowther"]
[SourceDate "2002.08.05"]

1. c4 e6 2. Nf3 d5 3. d4 Nf6 4. g3 dxc4 5. Bg2 a6 6. O-O Nc6 7. e3 Bd7 8. Nc3
Bd6 9. Qe2 b5 10. e4 e5 11. dxe5 Nxe5 12. Nxe5 Bxe5 13. f4 Bxc3 14. bxc3 c6 15.
f5 O-O 16. Bg5 h6 17. Bh4 Qe7 18. Rad1 Rad8 19. e5 Bc8 20. Rde1 Qc5+ 21. Qf2
Qxf2+ 22. Rxf2 Rde8 23. Bxc6 Bd7 24. Bf3 Bxf5 25. Bc6 Bd7 26. Rxf6 Bxc6 27.
Rxc6 g5 28. Rxh6 gxh4 29. Rxh4 Re6 30. Rg4+ Kh7 31. Kf2 Rfe8 32. Rf4 Kg6 33.
Rd4 Rxe5 34. Rxe5 Rxe5 35. Rd6+ Kf5 36. Rxa6 Rd5 37. Ke2 Rd3 38. Ra5 Ke4 39.
Rxb5 Rxc3 40. Rb2 Ra3 41. Kd1 c3 42. Rf2 Ke3 43. Rxf7 1/2-1/2

[Event "Montreal int"]
[Site "Montreal CAN"]
[Date "2002.07.29"]
[Round "5"]
[White "Nogueiras, Jesus"]
[Black "Bluvshtein, Mark"]
[Result "1-0"]
[WhiteElo "2546"]
[BlackElo "2367"]
[PlyCount "97"]
[EventDate "2002.07.25"]
[EventType "tourn"]
[EventRounds "11"]
[EventCountry "CAN"]
[EventCategory "11"]
[Source "Mark Crowther"]
[SourceDate "2002.08.05"]

1. c4 e6 2. g3 d5 3. Bg2 c5 4. Nf3 Nc6 5. O-O Nf6 6. d4 Be7 7. Nc3 O-O 8. cxd5
exd5 9. dxc5 Bxc5 10. a3 Re8 11. b4 Bf8 12. Bb2 Bg4 13. Rc1 Qd7 14. Na4 Ne4 15.
b5 Na5 16. Ne5 Rxe5 17. Bxe5 Re8 18. Ba1 Bxa3 19. f3 Bxc1 20. Qxc1 Qxb5 21.
fxe4 d4 22. Nc5 Bxe2 23. Bxd4 Nb3 24. Nxb3 Bxf1 25. Bxf1 Qxb3 26. Qg5 g6 27.
Qf6 Kf8 28. Bc5+ Kg8 29. Bd4 Kf8 30. Qg7+ Ke7 31. Bc5+ Kd7 32. Qd4+ Kc8 33.
Bxa7 Re6 34. Bc5 Kc7 35. e5 Rc6 36. Bd6+ Kd7 37. Qg4+ Qe6 38. Qb4 Kc8 39. Qa3
Kd8 40. Qa8+ Qc8 41. Qa5+ b6 42. Qd2 Qf5 43. Qh6 Rc2 44. Qf8+ Kd7 45. Qe7+ Kc6
46. Qc7+ Kd5 47. Qb7+ Ke6 48. Qxb6 Qe4 49. Qb3+ 1-0

[Event "Montreal int"]
[Site "Montreal CAN"]
[Date "2002.07.29"]
[Round "5"]
[White "Rozentalis, Eduardas"]
[Black "Kotronias, Vasilios"]
[Result "1-0"]
[WhiteElo "2564"]
[BlackElo "2578"]
[PlyCount "115"]
[EventDate "2002.07.25"]
[EventType "tourn"]
[EventRounds "11"]
[EventCountry "CAN"]
[EventCategory "11"]
[Source "Mark Crowther"]
[SourceDate "2002.08.05"]

1. e4 c5 2. Nf3 Nc6 3. c3 Nf6 4. e5 Nd5 5. Bc4 Nb6 6. Bb3 c4 7. Bc2 d6 8. exd6
Qxd6 9. O-O g6 10. b3 Bg7 11. Na3 cxb3 12. axb3 O-O 13. d4 Bg4 14. Re1 Rfd8 15.
Nc4 Qf6 16. Be4 Nd5 17. Bxd5 Rxd5 18. Nb6 Bxf3 19. Qxf3 Rf5 20. Qg3 Rd8 21. Nc4
Rb5 22. Rb1 h5 23. h4 Qf5 24. Bg5 Qd7 25. b4 Re8 26. Rbd1 Bf8 27. Qd3 Rd8 28.
Ne3 Ne5 29. Qe2 Ng4 30. Nxg4 hxg4 31. Rd3 f6 32. Bc1 Rh5 33. g3 a6 34. Re3 Rc8
35. Bd2 Rc6 36. Re4 f5 37. Re5 Rh7 38. d5 Rd6 39. c4 b5 40. Bg5 bxc4 41. Qxc4
Qb5 42. Qxb5 axb5 43. Rc1 Rd7 44. Rc5 Rb7 45. Re6 Kf7 46. Kg2 Bg7 47. Rcc6 Rh8
48. Rxg6 Bc3 49. Rge6 Bxb4 50. Re5 Bd6 51. Rxf5+ Kg6 52. Rf4 Kh5 53. Re4 b4 54.
f3 gxf3+ 55. Kxf3 Rf8+ 56. Kg2 b3 57. g4+ Kg6 58. Rxe7 1-0

[Event "Montreal int"]
[Site "Montreal CAN"]
[Date "2002.07.30"]
[Round "6"]
[White "Kotronias, Vasilios"]
[Black "Barbeau, Sylvain"]
[Result "1/2-1/2"]
[WhiteElo "2578"]
[BlackElo "2397"]
[PlyCount "124"]
[EventDate "2002.07.25"]
[EventType "tourn"]
[EventRounds "11"]
[EventCountry "CAN"]
[EventCategory "11"]
[Source "Mark Crowther"]
[SourceDate "2002.08.05"]

1. e4 e5 2. Nf3 Nc6 3. Bb5 a6 4. Ba4 d6 5. c3 Bg4 6. h3 Bh5 7. d3 Be7 8. Nbd2
Nf6 9. Nf1 b5 10. Bb3 d5 11. Ng3 Bg6 12. Qe2 O-O 13. O-O Re8 14. Bg5 dxe4 15.
dxe4 Rb8 16. Rad1 Qc8 17. Nh4 Na5 18. Nhf5 Nxb3 19. Nxe7+ Rxe7 20. Bxf6 gxf6
21. axb3 Qe6 22. b4 f5 23. exf5 Bxf5 24. Rd2 Bg6 25. Rfd1 f5 26. f4 exf4 27.
Qxe6+ Rxe6 28. Ne2 Rxe2 29. Rxe2 Bh5 30. Red2 Bxd1 31. Rxd1 Rb6 32. Kf2 Rd6 33.
Ra1 Kf7 34. Kf3 Kf6 35. Kxf4 h6 36. g4 fxg4 37. hxg4 Kg6 38. Re1 Kf7 39. Re5
Rc6 40. Rf5+ Kg7 41. Rd5 Kg6 42. Kg3 Re6 43. Kh4 Re2 44. Rc5 Rh2+ 45. Kg3 Rxb2
46. Rxc7 Ra2 47. Kf3 Ra1 48. Rc6+ Kg5 49. Rc5+ Kg6 50. Ke2 Ra2+ 51. Ke3 Ra1 52.
Rd5 Re1+ 53. Kd2 Rf1 54. Ke3 Ra1 55. Kf4 Rf1+ 56. Kg3 Rg1+ 57. Kh3 Rh1+ 58. Kg2
Ra1 59. Rc5 Ra2+ 60. Kf3 Ra1 61. Ke4 Rg1 62. Kf3 Ra1 1/2-1/2

[Event "Montreal int"]
[Site "Montreal CAN"]
[Date "2002.08.01"]
[Round "7"]
[White "Barbeau, Sylvain"]
[Black "Nogueiras, Jesus"]
[Result "1/2-1/2"]
[WhiteElo "2397"]
[BlackElo "2546"]
[PlyCount "38"]
[EventDate "2002.07.25"]
[EventType "tourn"]
[EventRounds "11"]
[EventCountry "CAN"]
[EventCategory "11"]
[Source "Mark Crowther"]
[SourceDate "2002.08.05"]

1. e4 Nf6 2. e5 Nd5 3. d4 d6 4. c4 Nb6 5. exd6 cxd6 6. Nc3 g6 7. Be3 Bg7 8. Rc1
O-O 9. b3 Nc6 10. d5 Nb4 11. a3 Na6 12. Be2 e6 13. dxe6 Bxe6 14. Nf3 d5 15. c5
d4 16. Nxd4 Nxc5 17. Ncb5 Bxb3 18. Nxb3 Qxd1+ 19. Rxd1 Nxb3 1/2-1/2

[Event "Montreal int"]
[Site "Montreal CAN"]
[Date "2002.08.01"]
[Round "7"]
[White "Rozentalis, Eduardas"]
[Black "Bluvshtein, Mark"]
[Result "1/2-1/2"]
[WhiteElo "2564"]
[BlackElo "2367"]
[PlyCount "81"]
[EventDate "2002.07.25"]
[EventType "tourn"]
[EventRounds "11"]
[EventCountry "CAN"]
[EventCategory "11"]
[Source "Mark Crowther"]
[SourceDate "2002.08.05"]

1. e4 c5 2. c3 Nf6 3. e5 Nd5 4. Nf3 Nc6 5. Bc4 Nb6 6. Bb3 d5 7. exd6 Qxd6 8.
O-O Be6 9. Qe2 Bxb3 10. axb3 e6 11. Rd1 Be7 12. d4 cxd4 13. Nxd4 Nxd4 14. Rxd4
Qc6 15. Rg4 Bf6 16. Nd2 h5 17. Rg3 h4 18. Rh3 Ke7 19. Ne4 Rad8 20. Be3 Nd5 21.
Bc5+ Ke8 22. Qg4 Ne7 23. Re1 Rd5 24. Bxe7 Kxe7 25. Nxf6 gxf6 26. Qb4+ Qc5 27.
Qxb7+ Rd7 28. Qe4 Rd2 29. Rf3 h3 30. Qf4 Qg5 31. Qxg5 fxg5 32. gxh3 Rxb2 33.
Ra1 f5 34. Rxa7+ Kf6 35. b4 Rd8 36. Ra5 Rc8 37. Ra6 f4 38. h4 Kf5 39. hxg5 e5
40. Ra5 Rh8 41. Rd3 1/2-1/2